Cievne ochorenia mozgu

Bibliographic Details
Main Author: Šafčák, Vladimír (Author)
Format: Article
Language:Slovak
ISSN:1335-5139
Subjects:

MARC

LEADER 00000nab a2200000 a 4500
001 vtls000859574
003 SK-MaSNL
005 20260304122855.0
008 250429c2003 xo 0 slo
015 |a SNBRB2004/01-02651 
035 |a CLN000211196 
035 |a urn:nbn:sk:snk-abrls 
035 |a (urnnbn)urn:nbn:sk:snk:ar-a04vms 
035 |a (uuid)ebc83d6a-6791-495d-a430-680dba009a6d 
040 |a SNKBUCL  |b slo  |c SNKBUCL  |e AACR2 
041 0 |a slo 
044 |a xo  |c SK 
080 |a 616.831-005.1  |2 1997 
100 1 |a Šafčák, Vladimír  |4 aut  |9 796522 
245 1 0 |a Cievne ochorenia mozgu  |c V. Šafčák 
504 |a Res. angl., slov. 
504 |a Bibliogr. odkazy 
650 0 7 |a ischémia mozgu  |x krv  |x etiológia  |x patológia  |2 MESH  |9 1430449 
650 0 7 |a choroby mozgu  |x klasifikácia  |2 MESH  |9 1055292 
650 0 7 |a hematóm  |x etiológia  |x chirurgia  |2 MESH  |9 1430450 
650 0 7 |a hemorágia subarachnoidálna  |x vrodené  |x etiológia  |x patológia  |2 MESH  |9 1430451 
650 0 7 |a hemorágia cerebrálna  |x etiológia  |x patológia  |2 MESH  |9 1430452 
655 7 |a články z novín a časopisov  |2 snkbucl  |9 267496 
773 0 |t Medicina militaris slovaca  |g Roč. 5, č. 1 (2003), s. 27-29  |x 1335-5139 
850 |a Slovenská národná knižnica 
852 |a Slovenská národná knižnica 
954 |a odborná, vedecká literatúra pôvodná (slovenská)  |2 lita 
958 |a article27 
958 |a MI 
958 |a NB 
958 |a OND 
958 |a EUIPO 
999 |c 2888899  |d 2890829